Most Popular Boys Names in New Mexico - Statistics

General Stats
  • This quiz has been taken 105 times
  • The average score is 5 of 17
Answer Stats
Hint Answer % Correct
2003 Jose
81%
1982 David
44%
1980 Michael
41%
1983 Daniel
38%
1980 Jacob
32%
1994 Jacob
32%
1981 Jason
26%
first appeared 1980 Joshua
26%
1981 Matthew
26%
1981 Christopher
25%
2009 Noah
25%
1980 Joseph
24%
1994 Brandon
15%
2009 Aiden
14%
2003 Gabriel
11%
1980 Isaiah
10%
2005 Elijah
9%
No matching quizzes found
Score Distribution
Percent of People with Each Score
Percentile by Number Answered
Your Score History
You have not taken this quiz